[Event "23rd Rubinstein Memorial"]
[Site "Polanica Zdroj POL"]
[Date "1985.08.09"]
[Round "5"]
[White "Lerner, Konstantin"]
[Black "Groszpeter, Attila"]
[Result "1-0"]
[WhiteElo "2515"]
[BlackElo "2445"]
[EventDate "1985.08.05"]
[PlyCount "119"]

1.d4 Nf6 2.c4 g6 3.Nc3 Bg7 4.e4 d6 5.f3 b6 6.Bd3 e5 7.d5 Nh5 8.Nge2 f5 9.
Be3 O-O 10.Qd2 c5 11.dxc6 Nxc6 12.O-O f4 13.Bf2 g5 14.Bc2 Be6 15.Rfd1 Bxc4
16.Qxd6 Nd4 17.Qxd8 Nxe2+ 18.Nxe2 Rfxd8 19.Bb3 Bxb3 20.axb3 Nf6 21.Nc3 Bf8
22.Kf1 Rdc8 23.Ra4 a6 24.Bxb6 Rc6 25.Rd8 Rac8 26.Ke2 Rxd8 27.Bxd8 Nd7 28.
Rc4 Rh6 29.h3 Nc5 30.Bc7 Re6 31.b4 Nb3 32.Nd5 Nd4+ 33.Kd3 Nc6 34.Kc3 Kf7 
35.Kb3 h5 36.Bb6 Rg6 37.Ka4 g4 38.hxg4 hxg4 39.b5 axb5+ 40.Kxb5 Ne7 41.Rc7
gxf3 42.gxf3 Ke8 43.Nxe7 Bxe7 44.Rc3 Kd7 45.Rd3+ Kc8 46.Bc5 Bxc5 47.Kxc5 
Kc7 48.Ra3 Rg2 49.Kd5 Rg5 50.Ra7+ Kc8 51.Rf7 Rg3 52.Kxe5 Rxf3 53.Rxf4 Rb3 
54.Rf2 Kd7 55.Kd5 Rb4 56.Rd2 Ke7 57.Kc5 Rxe4 58.b4 Re5+ 59.Kb6 Re6+ 60.Ka5
1-0

[Event "23rd Rubinstein Memorial"]
[Site "Polanica Zdroj POL"]
[Date "1985.08.10"]
[Round "6"]
[White "Mokry, Karel"]
[Black "Bany, Jerzy"]
[Result "1/2-1/2"]
[WhiteElo "2455"]
[BlackElo "2420"]
[EventDate "1985.08.05"]
[PlyCount "31"]

1.e4 e6 2.d4 d5 3.e5 c5 4.c3 Nc6 5.Nf3 Qb6 6.Be2 cxd4 7.cxd4 Nh6 8.Nc3 Nf5
9.Na4 Qa5+ 10.Bd2 Bb4 11.Bc3 b5 12.a3 Bxc3+ 13.Nxc3 b4 14.axb4 Qxb4 15.Qa4
Qb6 16.Qxc6+ 1/2-1/2

[Event "23rd Rubinstein Memorial"]
[Site "Polanica Zdroj POL"]
[Date "1985.08.10"]
[Round "6"]
[White "Sznapik, Aleksander"]
[Black "Klinger, Josef"]
[Result "1/2-1/2"]
[WhiteElo "2465"]
[BlackElo "2460"]
[EventDate "1985.08.05"]
[PlyCount "92"]

1.e4 c5 2.Nf3 a6 3.c3 d5 4.exd5 Qxd5 5.d4 e6 6.Bd3 Nf6 7.O-O Be7 8.Be3 Nc6
9.Qe2 O-O 10.dxc5 Bxc5 11.Bg5 Ng4 12.b4 h6 13.Be4 Qd7 14.Bf4 Bd6 15.Rd1 e5
16.Bg3 Qc7 17.Na3 b5 18.c4 Bxb4 19.cxb5 Bxa3 20.Bxc6 Rb8 21.Nxe5 Qe7 22.
Re1 axb5 23.Bxb5 Nxe5 24.Bxe5 Rb6 25.Bc4 Be6 26.Bd4 Bc5 27.Bxc5 Qxc5 28.
Bd3 Rb4 29.a4 Ra8 30.Bb5 Rc8 31.Qe3 Qxe3 32.Rxe3 Ra8 33.Rae1 g6 34.h3 h5 
35.Re4 Rb2 36.Rd4 Ra2 37.Re2 Ra1+ 38.Kh2 Kg7 39.Re3 Ra2 40.Re2 Ra3 41.Red2
Ra7 42.R4d3 Ra1 43.Rc3 Rb1 44.Kg3 Rb4 45.Rdd3 Bf5 46.Rb3 Rbxa4 1/2-1/2

[Event "23rd Rubinstein Memorial"]
[Site "Polanica Zdroj POL"]
[Date "1985.08.10"]
[Round "6"]
[White "Garcia Palermo, Carlos"]
[Black "Schmidt, Wlodzimierz"]
[Result "1-0"]
[WhiteElo "2515"]
[BlackElo "2470"]
[EventDate "1985.08.05"]
[PlyCount "81"]

1.d4 Nf6 2.c4 g6 3.g3 Bg7 4.Bg2 O-O 5.Nc3 d6 6.Nf3 Nc6 7.O-O a6 8.b3 Rb8 
9.Bb2 b5 10.cxb5 axb5 11.Rc1 b4 12.Nb1 Na7 13.Ne1 Ba6 14.Nd3 c6 15.Qc2 Qa5
16.Nd2 Bxd3 17.Qxd3 Qxa2 18.Rc2 Qa5 19.Ra1 Qc7 20.Qa6 Rb7 21.e4 Nd7 22.e5 
Nb8 23.Qe2 Qd7 24.Nc4 d5 25.Ne3 f5 26.f4 e6 27.Nd1 Rc8 28.Nf2 Bf8 29.Nd3 
Nb5 30.Qd2 Na3 31.Nc5 Bxc5 32.Rxc5 Na6 33.Ra5 Nc7 34.Bf1 Rcb8 35.Rc1 Ra8 
36.Rcc5 Rb6 37.Qc1 Rab8 38.Ra7 Nab5 39.Bxb5 Rxb5 40.Rxc6 R5b7 41.Rxc7 1-0

[Event "23rd Rubinstein Memorial"]
[Site "Polanica Zdroj POL"]
[Date "1985.08.10"]
[Round "6"]
[White "Cvitan, Ognjen"]
[Black "Donchev, Dimitar"]
[Result "1/2-1/2"]
[WhiteElo "2450"]
[BlackElo "2445"]
[EventDate "1985.08.05"]
[PlyCount "71"]

1.Nf3 Nf6 2.c4 g6 3.Nc3 d5 4.d4 Bg7 5.e3 O-O 6.Be2 c5 7.dxc5 Qa5 8.Bd2 
dxc4 9.Na4 Qc7 10.Bxc4 Ne4 11.Rc1 Bg4 12.h3 Bxf3 13.gxf3 Nxd2 14.Qxd2 Rd8 
15.Qc2 Nc6 16.O-O Ne5 17.Qe4 Nxc4 18.Qxc4 Qc6 19.Qe4 Rd5 20.Rfd1 Rad8 21.
Rxd5 Rxd5 22.b3 b5 23.Nc3 Rxc5 24.Qxc6 Rxc6 25.Ne2 Rxc1+ 26.Nxc1 Kf8 27.
Nd3 Ke8 28.Nc5 Kd8 29.Kf1 Kc7 30.Ke2 Kc6 31.Ne4 h6 32.Kd3 Kd5 33.f4 f5 34.
Nd2 Bf6 35.Nf3 e6 36.Ne1 1/2-1/2

[Event "23rd Rubinstein Memorial"]
[Site "Polanica Zdroj POL"]
[Date "1985.08.10"]
[Round "6"]
[White "Gruenberg, Hans-Ulrich"]
[Black "Sygulski, Artur"]
[Result "1-0"]
[WhiteElo "2470"]
[BlackElo "2425"]
[EventDate "1985.08.05"]
[PlyCount "57"]

1.d4 d5 2.c4 dxc4 3.Nf3 Nf6 4.Nc3 a6 5.e4 b5 6.e5 Nd5 7.a4 Nxc3 8.bxc3 Qd5
9.g3 Bb7 10.Bg2 Qd7 11.Ba3 Bd5 12.O-O e6 13.Bxf8 Rxf8 14.axb5 axb5 15.Rxa8
Bxa8 16.Qa1 Bd5 17.Rb1 f6 18.exf6 gxf6 19.Nh4 Kf7 20.Bxd5 exd5 21.Qa3 Nc6 
22.Qc5 b4 23.cxb4 Rb8 24.b5 Ne7 25.Re1 Ng6 26.Nf5 Rxb5 27.Nh6+ Kg7 28.Nf5+
Kh8 29.Qxc7 1-0

[Event "23rd Rubinstein Memorial"]
[Site "Polanica Zdroj POL"]
[Date "1985.08.10"]
[Round "6"]
[White "Stohl, Igor"]
[Black "Spiridonov, Nikola"]
[Result "1/2-1/2"]
[WhiteElo "2445"]
[BlackElo "2420"]
[EventDate "1985.08.05"]
[PlyCount "33"]

1.Nf3 d6 2.d4 Bg4 3.e4 e6 4.c4 Nf6 5.Nc3 c6 6.d5 Be7 7.Be2 O-O 8.dxe6 Bxe6
9.Nd4 Qc8 10.O-O Re8 11.Qc2 a5 12.Be3 Bf8 13.Rad1 Nbd7 14.Rfe1 g6 15.f3 
Qc7 16.Bf1 Nc5 17.Bf2 1/2-1/2

[Event "23rd Rubinstein Memorial"]
[Site "Polanica Zdroj POL"]
[Date "1985.08.10"]
[Round "6"]
[White "Nowak, Ignacy"]
[Black "Lerner, Konstantin"]
[Result "0-1"]
[WhiteElo "2435"]
[BlackElo "2515"]
[EventDate "1985.08.05"]
[PlyCount "81"]

1.d4 Nf6 2.c4 e6 3.Nf3 b6 4.Nc3 Bb7 5.a3 d5 6.cxd5 Nxd5 7.Qc2 Nxc3 8.bxc3 
c5 9.e4 Nd7 10.Bd3 Qc7 11.O-O cxd4 12.cxd4 Qxc2 13.Bxc2 Be7 14.Bd2 O-O 15.
Rfe1 Rac8 16.Bd3 Rfd8 17.Re3 Nb8 18.Be2 Rc2 19.Bd1 Rc7 20.Rc1 Rxc1 21.Bxc1
Nc6 22.Bb2 Nxd4 23.Bxd4 e5 24.Nxe5 Rxd4 25.Bb3 Kf8 26.Nxf7 Rxe4 27.Rxe4 
Bxe4 28.a4 Ke8 29.Ne5 Bc5 30.Kf1 Ke7 31.h4 Bd6 32.Nf7 h6 33.Nxd6 Kxd6 34.
f4 Kc5 35.g4 Kd4 36.Kf2 a6 37.Be6 b5 38.axb5 axb5 39.Ke2 b4 40.Kd2 Bd5 41.
Bf5 0-1

[Event "23rd Rubinstein Memorial"]
[Site "Polanica Zdroj POL"]
[Date "1985.08.11"]
[Round "7"]
[White "Klinger, Josef"]
[Black "Mokry, Karel"]
[Result "1/2-1/2"]
[WhiteElo "2460"]
[BlackElo "2455"]
[EventDate "1985.08.05"]
[PlyCount "46"]

1.d4 d5 2.c4 c6 3.cxd5 cxd5 4.Nf3 Nc6 5.Nc3 Nf6 6.Bf4 Bf5 7.e3 e6 8.Bb5 
Nd7 9.Qa4 Rc8 10.Bxc6 Rxc6 11.Qxa7 Qc8 12.Qa5 Ra6 13.Qc7 Qa8 14.O-O Bd3 
15.Rfc1 Rc6 16.Nxd5 exd5 17.Rxc6 bxc6 18.Rc1 Be7 19.Ne5 Nxe5 20.Bxe5 Bd8 
21.Qd6 Be7 22.Qc7 Bd8 23.Qd6 Be7 1/2-1/2

[Event "23rd Rubinstein Memorial"]
[Site "Polanica Zdroj POL"]
[Date "1985.08.11"]
[Round "7"]
[White "Bany, Jerzy"]
[Black "Garcia Palermo, Carlos"]
[Result "0-1"]
[WhiteElo "2420"]
[BlackElo "2515"]
[EventDate "1985.08.05"]
[PlyCount "94"]

1.c4 e5 2.g3 c6 3.d4 Bb4+ 4.Bd2 Bxd2+ 5.Qxd2 d6 6.Nc3 Nf6 7.dxe5 dxe5 8.
Qxd8+ Kxd8 9.Nf3 Re8 10.Ng5 Ke7 11.Bg2 Bf5 12.O-O Nbd7 13.b4 h6 14.Nge4 
Nxe4 15.Nxe4 Bxe4 16.Bxe4 Red8 17.Bg2 Nf6 18.b5 Kd6 19.Rab1 Kc5 20.bxc6 
bxc6 21.f4 exf4 22.Rxf4 Rab8 23.Rf5+ Kd6 24.Rbf1 Re8 25.Rd1+ Kc7 26.e4 Re7
27.Ra5 Rb7 28.Rf1 Ng4 29.c5 Ne5 30.Bh3 Kb8 31.Rf2 Rb1+ 32.Kg2 Reb7 33.Ra4 
R7b2 34.a3 Rxf2+ 35.Kxf2 Rb2+ 36.Ke3 Rxh2 37.Rb4+ Kc7 38.Bf1 Ra2 39.Ra4 
Kb8 40.Ba6 Kc7 41.Be2 Kb8 42.Ba6 g5 43.Kd4 f6 44.Kc3 Nd7 45.Kd4 h5 46.Bc4 
Rd2+ 47.Ke3 Rg2 0-1

[Event "23rd Rubinstein Memorial"]
[Site "Polanica Zdroj POL"]
[Date "1985.08.11"]
[Round "7"]
[White "Donchev, Dimitar"]
[Black "Sznapik, Aleksander"]
[Result "0-1"]
[WhiteElo "2445"]
[BlackElo "2465"]
[EventDate "1985.08.05"]
[PlyCount "116"]

1.e4 c5 2.Nf3 d6 3.d4 cxd4 4.Nxd4 Nf6 5.Nc3 a6 6.Bc4 e6 7.Bb3 b5 8.Qe2 Be7
9.Bg5 O-O 10.f4 b4 11.Na4 Bb7 12.Bxf6 Bxf6 13.O-O-O Qa5 14.Qd2 e5 15.Nf5 
Bc6 16.Qxd6 Bxa4 17.Rd5 Bb5 18.Nh6+ gxh6 19.Qxf6 Nd7 20.Qxh6 Qb6 21.Qh3 
Rad8 22.Rhd1 Nf6 23.Rxd8 Rxd8 24.Rxd8+ Qxd8 25.fxe5 Nxe4 26.Bxf7+ Kg7 27.
Qg4+ Qg5+ 28.Qxg5+ Nxg5 29.Bd5 Nf7 30.e6 Ne5 31.c3 bxc3 32.bxc3 Kf6 33.Kd2
Nc4+ 34.Kd3 Ne5+ 35.Kd4 Be8 36.c4 a5 37.Kc5 Ke7 38.Kb6 Kd6 39.Kxa5 Kc5 40.
Ka6 Nxc4 41.Be4 h6 42.Bf3 Kd6 43.Be2 Ne5 44.Kb6 Kxe6 45.g4 Kd6 46.h4 Nd7+ 
47.Kb5 Nf6+ 48.Ka6 Nd5 49.g5 h5 50.a4 Nf4 51.Bb5 Bc6 52.Ka7 Kc7 53.Bxc6 
Kxc6 54.a5 Ng6 55.a6 Kc7 56.Ka8 Kc8 57.Ka7 Nxh4 58.g6 Nf5 0-1

[Event "23rd Rubinstein Memorial"]
[Site "Polanica Zdroj POL"]
[Date "1985.08.11"]
[Round "7"]
[White "Schmidt, Wlodzimierz"]
[Black "Gruenberg, Hans-Ulrich"]
[Result "1/2-1/2"]
[WhiteElo "2470"]
[BlackElo "2470"]
[EventDate "1985.08.05"]
[PlyCount "37"]

1.d4 Nf6 2.c4 e6 3.Nf3 b6 4.g3 Ba6 5.b3 Bb4+ 6.Bd2 Be7 7.Bg2 c6 8.Bc3 d5 
9.Ne5 Nfd7 10.Nxd7 Nxd7 11.Nd2 O-O 12.O-O b5 13.Re1 bxc4 14.bxc4 Nb6 15.c5
Nc4 16.Nb3 f5 17.e3 Bf6 18.Bf1 Qc8 19.a4 1/2-1/2

[Event "23rd Rubinstein Memorial"]
[Site "Polanica Zdroj POL"]
[Date "1985.08.11"]
[Round "7"]
[White "Spiridonov, Nikola"]
[Black "Cvitan, Ognjen"]
[Result "0-1"]
[WhiteElo "2420"]
[BlackElo "2450"]
[EventDate "1985.08.05"]
[PlyCount "75"]

1.c4 g6 2.g3 Bg7 3.Bg2 c5 4.Nc3 Nc6 5.e3 e5 6.Nge2 Nge7 7.a3 O-O 8.Rb1 a5 
9.d3 d6 10.O-O Be6 11.Nd5 Rb8 12.Nec3 Bxd5 13.cxd5 Na7 14.b4 axb4 15.axb4 
e4 16.Nxe4 Nxd5 17.bxc5 dxc5 18.Ba3 b6 19.d4 cxd4 20.Bxf8 Qxf8 21.exd4 Nc6
22.Rb3 Rd8 23.Nc3 Nxc3 24.Rxc3 Nxd4 25.Rc7 b5 26.h4 Bf6 27.Re1 b4 28.Qa4 
Kg7 29.Rb7 b3 30.Qc4 Rb8 31.Rd7 b2 32.Bb7 Rxb7 33.Rxb7 Nf3+ 34.Kg2 Nxe1+ 
35.Kf1 Nf3 36.Qd5 Nh2+ 37.Kg2 Ng4 38.Re7 0-1

[Event "23rd Rubinstein Memorial"]
[Site "Polanica Zdroj POL"]
[Date "1985.08.11"]
[Round "7"]
[White "Sygulski, Artur"]
[Black "Groszpeter, Attila"]
[Result "0-1"]
[WhiteElo "2425"]
[BlackElo "2445"]
[EventDate "1985.08.05"]
[PlyCount "80"]

1.d4 Nf6 2.c4 e6 3.Nf3 b6 4.g3 Bb4+ 5.Bd2 Bxd2+ 6.Qxd2 Ba6 7.Na3 d5 8.Bg2 
O-O 9.O-O c5 10.Rfd1 Nc6 11.Rac1 Rc8 12.Qe3 cxd4 13.Nxd4 Nxd4 14.Qxd4 dxc4
15.Qh4 Qc7 16.g4 Qe5 17.g5 Nd5 18.Be4 g6 19.Bxd5 exd5 20.Nc2 d4 21.Rxd4 
Rc5 22.Ne3 Qxg5+ 23.Qxg5 Rxg5+ 24.Kf1 b5 25.b3 cxb3 26.axb3 Bc8 27.Rc7 
Bh3+ 28.Ke1 a5 29.Kd2 Be6 30.h4 Rg1 31.Rb7 Bxb3 32.Rxb5 a4 33.Ra5 Rb1 34.
f3 h5 35.Ra7 Re8 36.Kd3 Ra1 37.Kd2 a3 38.Rb4 Rd8+ 39.Kc3 Be6 40.Nc2 Rc8+ 
0-1

[Event "23rd Rubinstein Memorial"]
[Site "Polanica Zdroj POL"]
[Date "1985.08.11"]
[Round "7"]
[White "Lerner, Konstantin"]
[Black "Stohl, Igor"]
[Result "1/2-1/2"]
[WhiteElo "2515"]
[BlackElo "2445"]
[EventDate "1985.08.05"]
[PlyCount "45"]

1.Nf3 Nf6 2.c4 g6 3.Nc3 d5 4.Qa4+ Bd7 5.Qb3 dxc4 6.Qxc4 Bg7 7.g3 O-O 8.Bg2
Bc6 9.d3 Nbd7 10.O-O Bxf3 11.Bxf3 Ne5 12.Qf4 Nxf3+ 13.Qxf3 c6 14.Bd2 Nd5 
15.Rfc1 Qd7 16.Rab1 Rad8 17.Ne4 b6 18.b4 f5 19.Nc3 e5 20.Rc2 Nc7 21.Qg2 
Ne6 22.Be1 c5 23.bxc5 1/2-1/2

[Event "23rd Rubinstein Memorial"]
[Site "Polanica Zdroj POL"]
[Date "1985.08.11"]
[Round "7"]
[White "Drasko, Milan"]
[Black "Nowak, Ignacy"]
[Result "1/2-1/2"]
[WhiteElo "2485"]
[BlackElo "2435"]
[EventDate "1985.08.05"]
[PlyCount "47"]

1.Nf3 Nf6 2.d4 g6 3.c4 Bg7 4.g3 O-O 5.Bg2 d6 6.O-O Nc6 7.Nc3 a6 8.Bd2 Bg4 
9.d5 Bxf3 10.exf3 Nd4 11.Bh3 c5 12.dxc6 Nxc6 13.Be3 e6 14.f4 d5 15.cxd5 
Nxd5 16.Nxd5 Qxd5 17.Bg2 Qb5 18.a4 Qb4 19.Rc1 Rfd8 20.Qc2 Bd4 21.Bxc6 Bxe3
22.fxe3 bxc6 23.Rf2 Rac8 24.Qc4 1/2-1/2

[Event "23rd Rubinstein Memorial"]
[Site "Polanica Zdroj POL"]
[Date "1985.08.13"]
[Round "8"]
[White "Mokry, Karel"]
[Black "Garcia Palermo, Carlos"]
[Result "1-0"]
[WhiteElo "2455"]
[BlackElo "2515"]
[EventDate "1985.08.05"]
[PlyCount "61"]

1.e4 c6 2.d4 d5 3.Nc3 dxe4 4.Nxe4 Bf5 5.Ng3 Bg6 6.h4 h6 7.f4 e6 8.Nf3 Nd7 
9.h5 Bh7 10.Bd3 Bxd3 11.Qxd3 Qc7 12.Bd2 O-O-O 13.Qe2 c5 14.Ne5 Nb6 15.dxc5
Bxc5 16.O-O-O Nf6 17.Kb1 Rhe8 18.Bc1 Bd6 19.Rhe1 Nfd5 20.Rd4 Bc5 21.Rd3 f5
22.c4 Nf6 23.Rxd8+ Rxd8 24.Nd3 Kb8 25.b3 Bf8 26.Bb2 Qd7 27.Ne5 Qd2 28.Nf3 
Qxe2 29.Rxe2 Bd6 30.Nd4 Re8 31.Nxe6 1-0

[Event "23rd Rubinstein Memorial"]
[Site "Polanica Zdroj POL"]
[Date "1985.08.13"]
[Round "8"]
[White "Gruenberg, Hans-Ulrich"]
[Black "Bany, Jerzy"]
[Result "1/2-1/2"]
[WhiteElo "2470"]
[BlackElo "2420"]
[EventDate "1985.08.05"]
[PlyCount "67"]

1.d4 d5 2.c4 c6 3.Nf3 Nf6 4.Nc3 e6 5.Bg5 h6 6.Bxf6 Qxf6 7.e3 Nd7 8.Bd3 Qd8
9.O-O Be7 10.a3 O-O 11.Qc2 a6 12.Rac1 f5 13.cxd5 cxd5 14.Na4 Bd6 15.b4 Nf6
16.Ne5 a5 17.Bb5 axb4 18.axb4 Bxb4 19.Rb1 Bd6 20.Rfc1 Ng4 21.Nxg4 fxg4 22.
g3 e5 23.dxe5 Bxe5 24.Rd1 Bf5 25.Bd3 Rc8 26.Qb3 Be6 27.Qxb7 Qf6 28.Rf1 Rb8
29.Qc6 Rxb1 30.Bxb1 d4 31.Nc5 Bc4 32.Qxf6 gxf6 33.Bd3 Bf7 34.Nd7 1/2-1/2

[Event "23rd Rubinstein Memorial"]
[Site "Polanica Zdroj POL"]
[Date "1985.08.13"]
[Round "8"]
[White "Sznapik, Aleksander"]
[Black "Spiridonov, Nikola"]
[Result "1-0"]
[WhiteElo "2465"]
[BlackElo "2420"]
[EventDate "1985.08.05"]
[PlyCount "225"]

1.e4 c5 2.Nf3 Nc6 3.d4 cxd4 4.Nxd4 g6 5.c4 Nf6 6.Nc3 d6 7.Be2 Nxd4 8.Qxd4 
Bg7 9.Bg5 O-O 10.Qd3 h6 11.Be3 Bd7 12.O-O Bc6 13.f3 a5 14.Rfd1 Nd7 15.Qd2 
a4 16.Rab1 Kh7 17.b4 axb3 18.axb3 Nc5 19.Rdc1 Ra3 20.Bd1 b6 21.b4 Nd7 22.
Be2 Qb8 23.Nd5 Re8 24.Bf2 Qa7 25.Nc3 Rc8 26.Bf1 h5 27.Be3 Ne5 28.h3 Nd7 
29.Kh1 Qa8 30.Bg5 Bf6 31.Bxf6 Nxf6 32.Qg5 Qb8 33.Bd3 Kg7 34.Qe3 Qc7 35.Qd2
Qd8 36.f4 e5 37.f5 Qe7 38.Rf1 h4 39.Qb2 Rca8 40.Rf3 Nh5 41.c5 dxc5 42.fxg6
fxg6 43.bxc5 bxc5 44.Bb5 Qe6 45.Bxc6 Qxc6 46.Kh2 R3a7 47.Nd5 Qd6 48.Qf2 
Qd8 49.Qxc5 Qg5 50.Qc6 Ra2 51.Qb7+ Kh6 52.Ne3 Nf4 53.Rb2 Rxb2 54.Qxb2 Re8 
55.Ng4+ Kh7 56.Rb3 Re7 57.Rb7 Nd3 58.Rxe7+ Qxe7 59.Qb5 Nc5 60.Qc6 Nd7 61.
Qc1 Kg8 62.Qh6 Nf8 63.Kh1 Qa3 64.Qxh4 Qc1+ 65.Kh2 Qf4+ 66.Qg3 Qxg3+ 67.
Kxg3 Nd7 68.Kh4 Kg7 69.Kg5 Nc5 70.Nf2 Ne6+ 71.Kg4 Nc5 72.h4 Nd7 73.g3 Nf6+
74.Kf3 Kf7 75.Ng4 Nd7 76.Ne3 Nc5 77.Nc4 Kf6 78.Nd2 Nd7 79.Ke3 Nc5 80.Nf3 
Ke6 81.Ng5+ Kf6 82.Kd2 Ke7 83.Kc3 Nd7 84.Kd3 Kd6 85.Ke3 Ke7 86.Kf3 Kf6 87.
Nh3 Kf7 88.Nf2 Nc5 89.Ke3 Ke7 90.Nd3 Nd7 91.g4 Ke6 92.Kf3 Nb6 93.g5 Nc4 
94.Nf2 Kf7 95.Nd1 Nd6 96.Ke3 Nc4+ 97.Kd3 Nd6 98.Ne3 Ke6 99.Nf1 Nb5 100.Ke3
Nd4 101.Kf2 Nb3 102.Kf3 Nc5 103.Ng3 Nd3 104.Nh1 Ke7 105.Nf2 Nf4 106.Kg4 
Kf7 107.Nh1 Nd3 108.h5 gxh5+ 109.Kxh5 Kg7 110.Ng3 Nf4+ 111.Kg4 Kg6 112.Nf5
Kf7 113.Nh4 1-0

[Event "23rd Rubinstein Memorial"]
[Site "Polanica Zdroj POL"]
[Date "1985.08.13"]
[Round "8"]
[White "Groszpeter, Attila"]
[Black "Schmidt, Wlodzimierz"]
[Result "1-0"]
[WhiteElo "2445"]
[BlackElo "2470"]
[EventDate "1985.08.05"]
[PlyCount "73"]

1.d4 Nf6 2.c4 g6 3.Nc3 d5 4.Nf3 Bg7 5.Bg5 Ne4 6.Bh4 Nxc3 7.bxc3 dxc4 8.e3 
b5 9.a4 c6 10.Nd2 a6 11.Be2 O-O 12.Bf3 Ra7 13.O-O h6 14.Qc1 Re8 15.Rd1 Be6
16.Bg3 Qb6 17.Qa3 f5 18.Rdb1 Rc8 19.Qb4 Rb7 20.Qa3 Ra7 21.h3 Bf8 22.e4 Nd7
23.Qa2 Nf6 24.exf5 gxf5 25.Re1 Bf7 26.Qb1 a5 27.Qxf5 Rd8 28.Ne4 Bg7 29.Nc5
b4 30.Ne6 Re8 31.Bh4 bxc3 32.Rab1 Qa6 33.Nxg7 Kxg7 34.Rxe7 Raxe7 35.Bxf6+ 
Kf8 36.Qf4 Re1+ 37.Kh2 1-0

[Event "23rd Rubinstein Memorial"]
[Site "Polanica Zdroj POL"]
[Date "1985.08.13"]
[Round "8"]
[White "Cvitan, Ognjen"]
[Black "Lerner, Konstantin"]
[Result "0-1"]
[WhiteElo "2450"]
[BlackElo "2515"]
[EventDate "1985.08.05"]
[PlyCount "62"]

1.Nf3 c5 2.g3 g6 3.Bg2 Bg7 4.O-O Nc6 5.c3 e5 6.d4 cxd4 7.cxd4 e4 8.Ne5 d5 
9.Nxc6 bxc6 10.Nc3 Ne7 11.Na4 Nf5 12.e3 h5 13.Qc2 Bd7 14.h3 O-O 15.Bd2 Re8
16.Nc5 Bf8 17.Nxd7 Qxd7 18.Rfc1 Rac8 19.Bf1 Nh6 20.Kg2 Re6 21.Qa4 h4 22.
Rc3 hxg3 23.fxg3 Nf5 24.Be2 Rb8 25.Rb3 Rxb3 26.Qxb3 Qd6 27.Be1 Bh6 28.Bf2 
Bxe3 29.g4 Qf4 30.Rf1 Bxf2 31.gxf5 e3 0-1

[Event "23rd Rubinstein Memorial"]
[Site "Polanica Zdroj POL"]
[Date "1985.08.13"]
[Round "8"]
[White "Nowak, Ignacy"]
[Black "Sygulski, Artur"]
[Result "1/2-1/2"]
[WhiteElo "2435"]
[BlackElo "2425"]
[EventDate "1985.08.05"]
[PlyCount "96"]

1.c4 Nf6 2.Nf3 g6 3.Nc3 d5 4.cxd5 Nxd5 5.Qa4+ Nc6 6.Ne5 Nxc3 7.bxc3 Qd5 8.
Nxc6 Qxc6 9.Qxc6+ bxc6 10.e4 Rb8 11.Bc4 c5 12.Ba3 e5 13.Ke2 Rb6 14.Rhb1 
Bd7 15.d3 Bd6 16.Bc1 Ke7 17.Rb3 a5 18.Rxb6 cxb6 19.Rb1 Rb8 20.Bb5 Bxb5 21.
Rxb5 Kd7 22.a4 Kc6 23.Be3 Re8 24.Kd1 f5 25.f3 Bc7 26.Kc2 fxe4 27.fxe4 Rf8 
28.Rb1 Rf7 29.Kd2 Bd6 30.Ke2 Bc7 31.h3 Bd6 32.Rb5 Re7 33.g4 Bc7 34.g5 Rf7 
35.Rb1 Bd8 36.h4 Rb7 37.c4 Rf7 38.Rh1 Bc7 39.h5 Kd7 40.hxg6 hxg6 41.Rh8 
Rg7 42.Bd2 Re7 43.Rg8 Re6 44.Rg7+ Kd6 45.Bc1 Bd8 46.Be3 Kc6 47.Bd2 Kd6 48.
Bc1 Kc6 1/2-1/2

[Event "23rd Rubinstein Memorial"]
[Site "Polanica Zdroj POL"]
[Date "1985.08.14"]
[Round "9"]
[White "Donchev, Dimitar"]
[Black "Mokry, Karel"]
[Result "1/2-1/2"]
[WhiteElo "2445"]
[BlackElo "2455"]
[EventDate "1985.08.05"]
[PlyCount "90"]

1.e4 c5 2.Nf3 d6 3.d4 cxd4 4.Nxd4 Nf6 5.Nc3 e6 6.Be3 a6 7.Qf3 Nbd7 8.Be2 
Qc7 9.O-O-O b5 10.e5 Bb7 11.exd6 Bxd6 12.Qh3 Be7 13.Bf3 Rc8 14.Kb1 Bxf3 
15.gxf3 Nb6 16.Rhg1 g6 17.f4 Nfd5 18.Nxd5 Nxd5 19.Qh6 Bf8 20.Qh4 Bg7 21.
Rd2 O-O 22.f5 Nxe3 23.fxe3 Qe5 24.e4 Bf6 25.Qg4 exf5 26.exf5 Rfe8 27.fxg6 
hxg6 28.a3 Rcd8 29.Rgd1 Qe4 30.Qxe4 Rxe4 31.c3 Bxd4 32.cxd4 Rd5 33.Kc2 Kg7
34.Kc3 Rh4 35.Re1 Kf8 36.Ree2 a5 37.a4 bxa4 38.Kc4 Rd8 39.Re5 Rc8+ 40.Rc5 
Rxc5+ 41.Kxc5 Rh3 42.d5 a3 43.bxa3 Rxa3 44.d6 Rc3+ 45.Kd5 Ke8 1/2-1/2

[Event "23rd Rubinstein Memorial"]
[Site "Polanica Zdroj POL"]
[Date "1985.08.14"]
[Round "9"]
[White "Garcia Palermo, Carlos"]
[Black "Gruenberg, Hans-Ulrich"]
[Result "1-0"]
[WhiteElo "2515"]
[BlackElo "2470"]
[EventDate "1985.08.05"]
[PlyCount "153"]

1.d4 Nf6 2.Nf3 e6 3.e3 c5 4.Bd3 d5 5.b3 Qa5+ 6.Nbd2 cxd4 7.exd4 Bb4 8.Bb2 
Bc3 9.Qc1 O-O 10.O-O Nc6 11.Rd1 Bd7 12.a3 Rfd8 13.b4 Bxb2 14.Qxb2 Qc7 15.
c4 dxc4 16.Nxc4 Rac8 17.Rac1 Qb8 18.b5 Ne7 19.Nfe5 Be8 20.a4 Nfd5 21.Be2 
a6 22.Bg4 Nf6 23.Bf3 Nfd5 24.Qb3 axb5 25.axb5 b6 26.g3 h6 27.h4 Kf8 28.Be4
f6 29.Nd3 Kg8 30.Re1 Bf7 31.Nb4 Nxb4 32.Qxb4 Nf5 33.Bxf5 exf5 34.Ne3 Rxc1 
35.Rxc1 f4 36.Nf5 fxg3 37.fxg3 g6 38.Ne7+ Kg7 39.Kf2 Re8 40.d5 Qa7 41.Re1 
Qd7 42.d6 Ra8 43.g4 Ra2+ 44.Re2 Rxe2+ 45.Kxe2 Qe6+ 46.Kf2 Be8 47.h5 gxh5 
48.Nf5+ Kh7 49.Qf4 Kg8 50.Qxh6 Qd7 51.Ne7+ Kf7 52.Qxh5+ Kg7 53.Nf5+ Kf8 
54.Qh8+ Kf7 55.Qg7+ Ke6 56.Qg8+ Ke5 57.Qc4 Qxb5 58.Qd4+ Ke6 59.Qe4+ Qe5 
60.Ng7+ Kxd6 61.Nxe8+ Ke6 62.Ng7+ Kd6 63.Nf5+ Ke6 64.Qc6+ Kf7 65.Kf3 b5 
66.Qd7+ Kf8 67.Nd4 Kg8 68.Nxb5 Qa1 69.Nd4 Qf1+ 70.Ke4 Qe1+ 71.Kf4 Qf1+ 72.
Nf3 Kf8 73.Qc8+ Kf7 74.Qb7+ Ke6 75.Qb3+ Ke7 76.Kf5 Qa6 77.Nd4 1-0

[Event "23rd Rubinstein Memorial"]
[Site "Polanica Zdroj POL"]
[Date "1985.08.14"]
[Round "9"]
[White "Bany, Jerzy"]
[Black "Groszpeter, Attila"]
[Result "1-0"]
[WhiteElo "2420"]
[BlackElo "2445"]
[EventDate "1985.08.05"]
[PlyCount "107"]

1.Nf3 Nf6 2.c4 e6 3.g3 a6 4.Bg2 b5 5.b3 Bb7 6.O-O c5 7.Nc3 Qa5 8.cxb5 axb5
9.a4 bxa4 10.Rxa4 Qd8 11.d4 Rxa4 12.bxa4 cxd4 13.Qxd4 Nc6 14.Qc4 Be7 15.
Bf4 O-O 16.Rb1 d5 17.Qb5 Ba8 18.Ne5 Nxe5 19.Bxe5 Nd7 20.Bf4 Bf6 21.Qb4 Ne5
22.Nb5 Nc6 23.Qa3 Be7 24.Qc1 Qa5 25.Nc7 Rc8 26.Nxa8 Qxa8 27.Qd1 Nb4 28.Rc1
h6 29.Rxc8+ Qxc8 30.e4 Qc4 31.exd5 Nxd5 32.Bxd5 exd5 33.Qe1 Kf8 34.a5 g5 
35.Qa1 Bc5 36.Qh8+ Ke7 37.Qe5+ Kd7 38.Bd2 Qe4 39.Qxe4 dxe4 40.g4 Kc6 41.
Bc3 Kb5 42.Kf1 Kc4 43.Bd2 Bd4 44.Ke2 Kb5 45.h3 Be5 46.f3 Bc7 47.fxe4 Bxa5 
48.Bxa5 Kxa5 49.Kd3 Kb5 50.Kd4 Kc6 51.Ke5 Kd7 52.Kf6 Ke8 53.Kg7 Ke7 54.e5 
1-0

[Event "23rd Rubinstein Memorial"]
[Site "Polanica Zdroj POL"]
[Date "1985.08.14"]
[Round "9"]
[White "Lerner, Konstantin"]
[Black "Sznapik, Aleksander"]
[Result "1-0"]
[WhiteElo "2515"]
[BlackElo "2465"]
[EventDate "1985.08.05"]
[PlyCount "113"]

1.d4 Nf6 2.c4 g6 3.Nc3 Bg7 4.e4 d6 5.f3 O-O 6.Be3 Nbd7 7.Bd3 c5 8.Nge2 
cxd4 9.Nxd4 e6 10.Qd2 d5 11.exd5 exd5 12.O-O dxc4 13.Bxc4 Ne5 14.Bb3 b6 
15.Rfd1 Ba6 16.Ndb5 Qe7 17.Bd4 Rad8 18.Qe3 Nh5 19.f4 Nc6 20.Qxe7 Nxe7 21.
Bxg7 Kxg7 22.g3 Nc8 23.Bd5 Nf6 24.Bf3 h5 25.h3 Bxb5 26.Nxb5 a5 27.Rac1 Ne7
28.Kf2 h4 29.g4 Nfd5 30.Rd4 Nb4 31.Rcd1 Nec6 32.Rd6 Rxd6 33.Rxd6 Rd8 34.a3
Nd3+ 35.Ke3 Nxb2 36.Rxc6 Rd3+ 37.Kf2 Rb3 38.Be2 Rxh3 39.Nc3 Nd3+ 40.Bxd3 
Rxd3 41.g5 Rd2+ 42.Kg1 Rd4 43.Rf6 a4 44.Nb5 Rd3 45.Rxb6 Rb3 46.Rb8 Rg3+ 
47.Kh2 Rb3 48.Rb7 Rf3 49.Nd4 Rxa3 50.Ne6+ Kg8 51.Rb8+ Kh7 52.Nf8+ Kg7 53.
Nd7 Ra2+ 54.Kg1 f5 55.gxf6+ Kf7 56.Rf8+ Ke6 57.Re8+ 1-0

[Event "23rd Rubinstein Memorial"]
[Site "Polanica Zdroj POL"]
[Date "1985.08.14"]
[Round "9"]
[White "Schmidt, Wlodzimierz"]
[Black "Nowak, Ignacy"]
[Result "1-0"]
[WhiteElo "2470"]
[BlackElo "2435"]
[EventDate "1985.08.05"]
[PlyCount "85"]

1.d4 Nf6 2.c4 e6 3.Nc3 d5 4.Nf3 Be7 5.Bg5 h6 6.Bh4 O-O 7.e3 b6 8.Bd3 Bb7 
9.O-O Nbd7 10.Qe2 dxc4 11.Bxc4 Ne4 12.Nxe4 Bxh4 13.Nc3 Be7 14.Rfd1 Nf6 15.
e4 c6 16.Rac1 b5 17.Bd3 a6 18.Bb1 g6 19.e5 Nd7 20.Ne4 Kg7 21.h4 Rh8 22.h5 
g5 23.Nh2 Qf8 24.Ng4 Rd8 25.Qc2 Rc8 26.Nc5 Nxc5 27.dxc5 Rd8 28.Rxd8 Qxd8 
29.Rd1 Qc7 30.b4 Bc8 31.Rd4 Bd7 32.Qd3 Be8 33.g3 a5 34.a3 axb4 35.axb4 Qa7
36.Qc3 Qc7 37.Kg2 Rf8 38.Rd6 Qa7 39.Nf6 Qa8 40.f4 gxf4 41.gxf4 Rh8 42.Qg3+
Kf8 43.Nh7+ 1-0

[Event "23rd Rubinstein Memorial"]
[Site "Polanica Zdroj POL"]
[Date "1985.08.14"]
[Round "9"]
[White "Drasko, Milan"]
[Black "Cvitan, Ognjen"]
[Result "1/2-1/2"]
[WhiteElo "2485"]
[BlackElo "2450"]
[EventDate "1985.08.05"]
[PlyCount "25"]

1.d4 Nf6 2.Nf3 g6 3.c4 Bg7 4.Nc3 d5 5.Bg5 Ne4 6.cxd5 Nxg5 7.Nxg5 e6 8.Nf3 
exd5 9.e3 O-O 10.b4 c6 11.Bd3 Be6 12.O-O Nd7 13.Rc1 1/2-1/2